000 00308nam a2200145Ia 4500
100 _aSGS-Thomson
942 _cBK
654 _aanalog ICS
245 _aIndustry standard analog ICS
260 _bSGS-Thomson
_aItally
_c1989
082 _a621.3841202
300 _a1146
546 _aENGLISH
999 _c20819
_d20819